<?xml version="1.0" encoding="UTF-8"?>
<record
    xmlns:xsi="http://www.w3.org/2001/XMLSchema-instance"
    xsi:schemaLocation="http://www.loc.gov/MARC21/slim http://www.loc.gov/standards/marcxml/schema/MARC21slim.xsd"
    xmlns="http://www.loc.gov/MARC21/slim">

  <leader>01207nam a2200265Ia 4500</leader>
  <controlfield tag="003">OSt</controlfield>
  <controlfield tag="005">20200710125847.0</controlfield>
  <controlfield tag="008">130821s2007    xxua   gr           spa  </controlfield>
  <datafield tag="020" ind1=" " ind2=" ">
    <subfield code="a">9781403144775</subfield>
  </datafield>
  <datafield tag="040" ind1=" " ind2=" ">
    <subfield code="a">Co-BoUCM</subfield>
    <subfield code="b">spa</subfield>
    <subfield code="c">CO-JMCR</subfield>
  </datafield>
  <datafield tag="041" ind1="0" ind2=" ">
    <subfield code="a">spa</subfield>
  </datafield>
  <datafield tag="082" ind1="0" ind2="4">
    <subfield code="a">299.936 / </subfield>
    <subfield code="b">H875p</subfield>
    <subfield code="2">21</subfield>
  </datafield>
  <datafield tag="100" ind1="1" ind2=" ">
    <subfield code="a">Hubbard, Lafayette Ronald</subfield>
    <subfield code="d">1911-1986</subfield>
    <subfield code="e">autor</subfield>
    <subfield code="9">7017</subfield>
  </datafield>
  <datafield tag="245" ind1="1" ind2="4">
    <subfield code="a">Los problemas del trabajo  scientology aplicada al mundo del trabajo cotidiano</subfield>
    <subfield code="c">Lafayette Ronald Hubbard</subfield>
  </datafield>
  <datafield tag="250" ind1=" " ind2=" ">
    <subfield code="a">Primera edici&#xF3;n</subfield>
  </datafield>
  <datafield tag="260" ind1=" " ind2=" ">
    <subfield code="a">Los Angeles (California, Estados Unidos) : </subfield>
    <subfield code="b">Bridge publications, </subfield>
    <subfield code="c">2007.</subfield>
  </datafield>
  <datafield tag="300" ind1=" " ind2=" ">
    <subfield code="a">197 p&#xE1;ginas :</subfield>
    <subfield code="b">ilustraciones ; </subfield>
    <subfield code="c">24 cm.</subfield>
  </datafield>
  <datafield tag="504" ind1=" " ind2=" ">
    <subfield code="a">Incluye glosario e &#xED;ndice.</subfield>
  </datafield>
  <datafield tag="505" ind1="0" ind2=" ">
    <subfield code="a">&#xBF;De qu&#xE9; depende conservar un empleo? -- C&#xF3;mo manejar las confusiones del mundo del trabajo cotidiano? -- &#xBF;Es necesario el trabajo? -- El secreto de la eficiencia -- La vida como un juego -- Afinidad, Realidad y comunicaci&#xF3;n -- El agotamiento -- El hombre que triunfa  </subfield>
  </datafield>
  <datafield tag="534" ind1=" " ind2=" ">
    <subfield code="t">Dianetics the modern sciencie of mental health.</subfield>
  </datafield>
  <datafield tag="650" ind1="1" ind2="4">
    <subfield code="a">Cienciolog&#xED;a</subfield>
    <subfield code="9">7018</subfield>
  </datafield>
  <datafield tag="650" ind1="2" ind2="4">
    <subfield code="a">Satisfacci&#xF3;n en el trabajo</subfield>
    <subfield code="9">7019</subfield>
  </datafield>
  <datafield tag="650" ind1="2" ind2="4">
    <subfield code="a">Trabajo</subfield>
    <subfield code="x">Aspectos psicolg&#x324;icos</subfield>
    <subfield code="9">7020</subfield>
  </datafield>
  <datafield tag="942" ind1=" " ind2=" ">
    <subfield code="c">BK</subfield>
    <subfield code="2">ddc</subfield>
  </datafield>
  <datafield tag="999" ind1=" " ind2=" ">
    <subfield code="c">6758</subfield>
    <subfield code="d">6758</subfield>
  </datafield>
  <datafield tag="952" ind1=" " ind2=" ">
    <subfield code="0">0</subfield>
    <subfield code="1">0</subfield>
    <subfield code="2">ddc</subfield>
    <subfield code="4">0</subfield>
    <subfield code="7">0</subfield>
    <subfield code="a">CPL</subfield>
    <subfield code="b">CPL</subfield>
    <subfield code="c">GEN</subfield>
    <subfield code="d">2018-04-15</subfield>
    <subfield code="f">$0.</subfield>
    <subfield code="l">6</subfield>
    <subfield code="o">299.936 /  H875p</subfield>
    <subfield code="p">201809959</subfield>
    <subfield code="r">2024-06-04 14:29:56</subfield>
    <subfield code="s">2024-05-21</subfield>
    <subfield code="t">Ej.1</subfield>
    <subfield code="w">2020-07-10</subfield>
    <subfield code="y">BK</subfield>
  </datafield>
</record>
